Animal Protagonists Quiz Stats

Quiz Updated Nov 11, 2015

Challenge
Share
Tweet
Embed
Score 0/14 Timer 05:00
4 Plays Today
Animals Book (Series) % Correct
Eeyore, Piglet, TiggerWinnie the Pooh
93.5%
Baloo, Rikki-Tikki-Tavi, Shere KhanThe Jungle Book
91.3%
Charlotte, Templeton, WilburCharlotte's Web
90.9%
Aslan, Mr. Beaver, ReepicheepChronicles of Narnia
83.7%
Boxer, Napoleon, SnowballAnimal Farm
74.2%
Missis, Perdita, PongoThe Hundred and One Dalmatians
61.6%
Mr. Toad, Mole, RatThe Wind in the Willows
59.4%
Animals Book (Series) % Correct
Bigwig, Fiver, HazelWatership Down
45.5%
Despereaux Tilling, Miggery Sow, RoscuroThe Tale of Despereaux
34.2%
Mariel, Martin the Warrior, MattimeoRedwall
22.6%
Black Auster, Duchess, GingerBlack Beauty
22.6%
Glaedr, Saphira, SolembumInheritance Cycle
18.7%
Buck, Curly, SpitzCall of the Wild
15.6%
Drail, Rannoch, SgorrFire Bringer
3.3%

You're not logged in!

Compare scores with friends on all Sporcle quizzes.
Sign Up with Email
OR
Log In

You Might Also Like...

Show Comments

Extras

Top Quizzes Today


Score Distribution

Your Account Isn't Verified!

In order to create a playlist on Sporcle, you need to verify the email address you used during registration. Go to your Sporcle Settings to finish the process.